00701 a2200253 4500260001000000100001900010700002000029260001000049245006900059300001300128650001000141650001300151650001500164650002400179650001200203260000900215300003900224130000700263440001700270250001700287020001800304999001700322952010800339 aParis aDERCOURT, Jean1 aPAQUET, Jacques bDunod aGéologie : objets et méthodes : cours et exercices résolus ax-457 p. aTerre aOcéans aGéologie aScience de la terre aUnivers c1999 bcouv. ill. en coul., ill. ; 27 cm. lFR aSciences Sup a10e refondue a2-10-004370-6 c29463d29463 00104070aBIDOCbBIDOCd0000-00-00l0oAGE.1999.013r2009-02-28 00:00:00t2w2009-02-28yLIVRzA.8484